| 000 | 00465 a2200181 4500 | ||
|---|---|---|---|
| 003 | Nust | ||
| 005 | 20220420104954.0 | ||
| 038 | _aMuhammad Ibrahim | ||
| 040 | _cNust | ||
| 082 |
_a355.297 _bFRO 2013 |
||
| 100 |
_aFrowe, Helen _991060 |
||
| 245 |
_aThe Ethics of War and Peace (DNT) _bAn Introduction _cHelen Frowe |
||
| 260 |
_aServices Book Club _bRawalpindi _c2013 |
||
| 300 | _a244 p | ||
| 563 | _aP.B | ||
| 650 |
_aEthics of War _991061 |
||
| 942 |
_2ddc _cBK |
||
| 999 |
_c589244 _d589244 |
||